[Event "Athens (Women)"]
[Site "Athens"]
[Date "1990.??.??"]
[Round "?"]
[White "Petraki, Maria"]
[Black "Litinskaya, Marta I"]
[Result "0-1"]
[WhiteElo "2055"]
[BlackElo "2355"]

1.d4 Nf6 2.c4 e6 3.Nf3 c5 4.d5 exd5 5.cxd5 d6 6.Nc3 g6 7.Bf4 a6 8.Nd2 b5
9.e3 Nh5 10.Bg3 Bg7 11.Be2 Nxg3 12.hxg3 Nd7 13.a4 b4 14.Nce4 Nf6 15.Nxf6+ Bxf6
16.Nc4 a5 17.Rc1 Ba6 18.Qc2 O-O 19.O-O b3 20.Qxb3 Rb8 21.Qc2 Bxc4 22.Bxc4 Rxb2
23.Qd3 Be5 24.Rb1 Rb4 25.Bb5 h5 26.Rbc1 h4 27.gxh4 Qxh4 28.f4 Bf6 29.Rc4 Kg7
30.Bd7 Rh8 31.Bh3 Rhb8 32.Bd7 Rb3 33.Qe4 Qg3 34.Qf3 Rxe3 35.Qxg3 Rxg3 36.Bb5 Rh8
37.Kf2 Rd3 38.Bc6 Rd2+ 39.Kf3 Rb8 40.g3 Rb3+ 41.Kg4 Bd4 42.f5 Rdd3 43.f6+ Bxf6
44.Rg1 Be5  0-1

[Event "Badenweiler op"]
[Site "Badenweiler"]
[Date "1990.??.??"]
[Round "1"]
[White "Hertneck, Gerald"]
[Black "Wittmann, Rainer"]
[Result "1-0"]
[WhiteElo "2520"]
[BlackElo "2305"]

1.d4 Nf6 2.c4 c5 3.d5 e6 4.Nc3 exd5 5.cxd5 d6 6.Nf3 g6 7.Bf4 Bg7 8.Qa4+ Bd7
9.Qb3 b5 10.e3 c4 11.Qa3 O-O 12.Nd4 Qb6 13.Qxd6 Qa5 14.Qc7 Qb4 15.Rb1 Nxd5
16.a3 Bxd4 17.axb4 Bxc3+ 18.bxc3 Nxc7 19.Bxc7 Rc8 20.Bd6 Nc6 21.Be2 a5 22.bxa5 Nxa5
23.O-O Nb3 24.Rb2 Ra6 25.Bb4 Rca8 26.Bf3 Bc6 27.Bxc6 Rxc6 28.Rd1 Nc5 29.Bxc5 Rxc5
30.g4 Ra3 31.Rdb1 Rxc3 32.Rxb5 Rc7 33.Rb7 Rxb7 34.Rxb7 h6 35.h4 Rb3 36.Rc7 Rb4
37.Kg2 c3 38.Kf3 Rb3 39.g5 hxg5 40.hxg5 Rb5 41.Kg4 Rb2 42.f4 c2 43.Kf3 Kf8
44.Ke4 Ke8 45.Kd3 Rb3+ 46.Kd2 Ra3 47.Rxc2 Kd7 48.Rc3 Ra2+ 49.Kd3 Kd6 50.Kd4 Rf2
51.Ra3 Rb2 52.Ra5 Rb4+ 53.Kd3 Rb3+ 54.Ke4 Rb4+ 55.Kf3 Rb3 56.Re5 Ra3 57.Re4 Rb3
58.Kg4 Rb1 59.Ra4 Rg1+ 60.Kf3 Rf1+ 61.Ke4 Rb1 62.f5 gxf5+ 63.Kxf5 Rf1+ 64.Rf4 Ra1
65.Kf6 Ra7 66.Rd4+ Kc5 67.Rd8 Ra1 68.Kxf7 Rf1+ 69.Kg7  1-0

[Event "Barcelona"]
[Site "Barcelona"]
[Date "1990.??.??"]
[Round "9"]
[White "Bass, Leonid"]
[Black "Franco Ocampo, Zenon"]
[Result "1-0"]
[WhiteElo "2480"]
[BlackElo "2495"]

1.d4 Nf6 2.c4 c5 3.d5 e6 4.Nc3 exd5 5.cxd5 d6 6.Nf3 g6 7.Nd2 Bg7 8.e4 O-O
9.Be2 Na6 10.O-O Nc7 11.a4 b6 12.Nc4 Ba6 13.Bg5 Qd7 14.f3 Rab8 15.Re1 Rfe8
16.Kh1 h6 17.Bh4 Nh5 18.Qd2 g5 19.Bf2 Nf4 20.Bf1 Bxc4 21.Bxc4 a6 22.Bf1 Ng6
23.Ne2 b5 24.a5 Ne5 25.Ng3 Nc4 26.Qc2 Bxb2 27.Rab1 Bg7 28.Bxc4 bxc4 29.Nf5 Rxb1
30.Rxb1 Nb5 31.Nxg7 Kxg7 32.Qxc4 Qd8 33.Be1 Qf6 34.h3 Qe5 35.Qd3 c4 36.Qe3 Qxd5
37.Qb6 Qa8 38.Rc1 Qc8 39.Bc3+ Kh7 40.Bb4 Re6 41.Qf2 Re5 42.Qa2 d5 43.exd5 Rxd5
44.Rxc4 Rd1+ 45.Kh2 Qb8+ 46.f4 Kg8 47.Qf2 Qd8 48.Qb6 Rd4 49.Bc3 Qxb6 50.axb6 Rd7
51.Be5  1-0

[Event "Biel-C"]
[Site "Biel"]
[Date "1990.??.??"]
[Round "7"]
[White "Castagna, Renzo"]
[Black "Salamon, Werner"]
[Result "0-1"]
[WhiteElo "2230"]
[BlackElo "2320"]

1.d4 Nf6 2.c4 e6 3.Nf3 c5 4.d5 exd5 5.cxd5 d6 6.Nc3 g6 7.e4 Bg7 8.Be2 O-O
9.O-O Re8 10.Qc2 Na6 11.Re1 Nb4 12.Qb1 Bg4 13.Bg5 Rb8 14.a3 Na6 15.h3 Bxf3
16.Bxf3 b5 17.Qc2 c4 18.Rad1 Nc5 19.g3 h6 20.Be3 Nfd7 21.Be2 Qc7 22.Kg2 Ne5
23.Bxc5 Qxc5 24.f4 Nd7 25.Bg4 Rb7 26.e5 dxe5 27.Ne4 Qb6 28.Bxd7 Rxd7 29.g4 Red8
30.f5 Rxd5 31.fxg6 Qxg6 32.Rxd5 Rxd5 33.Qf2 Rd4 34.Ng3 Qg5 35.Re2 Qf4 36.Qe1 Rd3
37.Qf2 Rb3 38.Qxf4 exf4 39.Nf5 f3+  0-1

[Event "Bielsko Biala op"]
[Site "Bielsko Biala"]
[Date "1990.??.??"]
[Round "7"]
[White "Zielinski, Marek"]
[Black "Jaworski, Miroslaw"]
[Result "0-1"]
[WhiteElo "2355"]
[BlackElo "2290"]

1.d4 Nf6 2.c4 c5 3.d5 e6 4.Nc3 exd5 5.cxd5 d6 6.Nf3 g6 7.Bf4 a6 8.e4 b5 9.e5 dxe5
10.Nxe5 Bd6 11.Be2 O-O 12.O-O Qc7 13.Bf3 Re8 14.Ng4 Bxg4 15.Bxd6 Qxd6 16.Bxg4 Nbd7
17.Bxd7 Qxd7 18.Qf3 Kg7 19.b3 Rad8 20.Rad1 Qd6 21.Qg3 Qxg3 22.hxg3 Re5 23.f4 Re7
24.Rd3 Red7 25.Rfd1 Rd6 26.Kf2 h5 27.Kf3 Re8 28.Re3 Rc8 29.Re5 Ng4 30.Re2 Rcd8
31.Red2 f5 32.Re2 b4 33.Na4 Rxd5 34.Rxd5 Rxd5 35.Rc2 Rd3+ 36.Ke2 Rxg3 37.Rxc5 Rxg2+
38.Kf3 Rxa2 39.Rc7+ Kh6 40.Kg3 Rh2 41.Kf3 h4  0-1

[Event "Bielsko Biala op"]
[Site "Bielsko Biala"]
[Date "1990.??.??"]
[Round "7"]
[White "Sapis, Witalis"]
[Black "Skrobek, Ryszard"]
[Result "1/2-1/2"]
[WhiteElo "2380"]
[BlackElo "2405"]

1.d4 Nf6 2.Nf3 c5 3.d5 e6 4.c4 exd5 5.cxd5 d6 6.Nc3 g6 7.e4 Bg7 8.h3 O-O
9.Bd3 b5 10.Bxb5 Nxe4 11.Nxe4 Qa5+ 12.Nfd2 Qxb5 13.Nxd6 Qa6 14.N2c4 Nd7 15.O-O Nb6
16.Nxb6 Qxb6 17.Nxc8 Raxc8 18.Re1 Rfd8 19.Bg5 Rd7 20.Qa4 Qd6 21.Rad1 Bd4
22.Be3 Qxd5 23.b4 Rcd8 24.bxc5  1/2-1/2

[Event "CSR-ch"]
[Site "Brno"]
[Date "1990.??.??"]
[Round "6"]
[White "Firt, Stanislav"]
[Black "Priehoda, Vitezslav"]
[Result "1-0"]
[WhiteElo "2355"]
[BlackElo "2415"]

1.d4 Nf6 2.c4 e6 3.Nf3 c5 4.d5 exd5 5.cxd5 d6 6.Nc3 g6 7.e4 Bg7 8.Be2 O-O
9.O-O Bg4 10.Bf4 a6 11.a4 Bxf3 12.Bxf3 Qe7 13.Qd2 Nbd7 14.Rfe1 Rab8 15.Be2 Rfc8
16.a5 Ne8 17.h3 Nc7 18.Bg4 Re8 19.Bg5 Bf6 20.Bxf6 Nxf6 21.e5 dxe5 22.d6 Qd8
23.Rad1 Nb5 24.Nxb5 axb5 25.d7 Rf8 26.Rxe5 Nxg4 27.hxg4 b6 28.a6 Qc7 29.Qd6 Qa7
30.Rde1 Qa8 31.a7 Rbd8 32.Re8  1-0

[Event "Spring op"]
[Site "Budapest"]
[Date "1990.??.??"]
[Round "4"]
[White "Kincs, Imre"]
[Black "Arnold, Ferenc"]
[Result "1-0"]
[WhiteElo "2235"]
[BlackElo "2335"]

1.d4 Nf6 2.c4 e6 3.Nc3 c5 4.d5 exd5 5.cxd5 d6 6.Nf3 g6 7.e4 Bg7 8.Be2 O-O
9.Nd2 Re8 10.O-O Na6 11.f4 Nc7 12.a4 b6 13.Bf3 Rb8 14.Re1 Ba6 15.Nf1 Bxf1
16.Rxf1 a6 17.Qd3 Qd7 18.h3 b5 19.axb5 axb5 20.Ra7 c4 21.Qc2 Nfxd5 22.Nxd5 Bd4+
23.Kh1 Rbc8 24.e5  1-0

[Event "Noviki-B"]
[Site "Budapest"]
[Date "1990.??.??"]
[Round "7"]
[White "Lukacs, Peter"]
[Black "Szalanczy, Emil"]
[Result "1-0"]
[WhiteElo "2505"]
[BlackElo "2420"]

1.d4 Nf6 2.c4 c5 3.d5 e6 4.Nc3 exd5 5.cxd5 d6 6.Nf3 g6 7.Nd2 Bg7 8.e4 O-O
9.Be2 Na6 10.O-O Ne8 11.Nc4 f5 12.exf5 Bxf5 13.Be3 Nac7 14.a4 Qe7 15.Qd2 Rd8
16.Rad1 Nf6 17.Bg5 Rfe8 18.Rfe1 Qf8 19.Bd3 Bxd3 20.Qxd3 Ng4 21.Qf3 Rxe1+
22.Rxe1 Re8 23.Qxf8+ Kxf8 24.Rxe8+ Nxe8 25.Ne4 Bd4 26.b3 b6 27.h3 Ne5 28.Ncxd6 Nxd6
29.Nxd6 Nf7 30.Nxf7 Kxf7 31.Kf1 Ke8 32.Ke2 Kd7 33.Bf4 a6 34.f3 Bf6 35.Kd3 b5
36.axb5 axb5 37.Bb8 Be7 38.Be5 Bf8 39.f4 h5 40.g4 hxg4 41.hxg4 Be7 42.Ke4 Bf8
43.f5 gxf5+ 44.Kxf5 c4 45.bxc4 bxc4 46.g5 Ke7 47.Ke4 Kf7 48.Kd4 Be7 49.Bf4 Kg6
50.Kxc4 Kf5 51.Bd2 Ke5 52.g6 Kf6 53.Bg5+  1-0

[Event "Buenos Aires FMDA"]
[Site "Buenos Aires"]
[Date "1990.??.??"]
[Round "6"]
[White "Scarella, Enrique"]
[Black "Marcussi, Bartolome"]
[Result "0-1"]
[WhiteElo "2285"]
[BlackElo "2230"]

1.d4 Nf6 2.c4 c5 3.d5 e6 4.Nc3 exd5 5.cxd5 d6 6.Nf3 g6 7.g3 Bg7 8.Bg2 O-O
9.O-O a6 10.a4 Nbd7 11.Nd2 Qc7 12.Nc4 Nb6 13.Na3 Bd7 14.Bd2 Rfe8 15.Rc1 Rab8
16.Re1 Ng4 17.a5 Nc8 18.Na4 f5 19.b4 b5 20.bxc5 bxa4 21.c6 Rb3 22.Nb1 Na7
23.cxd7 Qxd7 24.Bc3 Rxb1 25.Rxb1 Bxc3 26.Rf1 a3 27.Rb3 Nb5 28.Qd3 Bb2 29.h4 Bg7
30.Qd2 Rc8 31.h5 Bc3 32.Qa2 Bb2 33.Rxb2 axb2 34.Qxb2 gxh5 35.Qd2 Qe7  0-1

[Event "Cannes op"]
[Site "Cannes"]
[Date "1990.??.??"]
[Round "1"]
[White "Tasic, Branislav"]
[Black "Kovacevic, Slobodan"]
[Result "0-1"]
[WhiteElo "2120"]
[BlackElo "2360"]

1.d4 Nf6 2.Nf3 e6 3.c4 c5 4.d5 exd5 5.cxd5 d6 6.Nc3 g6 7.Bf4 a6 8.a4 Bg7
9.e4 Bg4 10.Be2 Bxf3 11.Bxf3 O-O 12.O-O Qe7 13.Re1 Nbd7 14.Qd2 Rab8 15.a5 Rfc8
16.Na4 h5 17.h3 Ne8 18.Rac1 b5 19.axb6 Nxb6 20.b3 Nd7 21.Bd1 Rc7 22.Nb2 Ne5
23.Nc4 Nxc4 24.Rxc4 Rcb7 25.Ra4 Rb6 26.Qe3 Nc7 27.g4 hxg4 28.hxg4 Re8 29.Rc4 a5
30.Ra4 Bd4 31.Rxd4 cxd4 32.Qxd4 Rb4 33.Qd3 Rxe4  0-1

[Event "Cannes op"]
[Site "Cannes"]
[Date "1990.??.??"]
[Round "4"]
[White "Moulain, Jean Pierre"]
[Black "Derieux, Christian"]
[Result "1-0"]
[WhiteElo "2280"]
[BlackElo "2270"]

1.c4 Nf6 2.d4 c5 3.d5 e6 4.Nc3 exd5 5.cxd5 d6 6.Nf3 g6 7.g3 Bg7 8.Bg2 O-O
9.O-O Re8 10.Nd2 b6 11.a4 Ba6 12.Re1 Qe7 13.Qc2 Ng4 14.Nde4 h6 15.Bf4 Ne5
16.Nb5 Rd8 17.h3 Bb7 18.Nd2 Na6 19.Rad1 Nc7 20.Nxc7 Qxc7 21.b4 Qd7 22.bxc5 bxc5
23.Ne4 f5 24.Nd2 Rf8 25.Bxe5 Bxe5 26.Nc4 Rae8 27.Rb1 Ba6 28.Na5 Qf7 29.e3 g5
30.Nc6 f4 31.exf4 gxf4 32.Nxe5 dxe5 33.d6 fxg3 34.fxg3 Qg7 35.Kh2 Kh8 36.Qxc5 Bd3
37.Rb4 Bf5 38.Rb7 Qg5 39.d7 Rd8 40.Rxe5 Rg8 41.Qc3 Qg7 42.Qe3 Rxd7 43.Rxf5  1-0

[Event "USA Masters"]
[Site "Chicago"]
[Date "1990.??.??"]
[Round "2"]
[White "Ross, Paul"]
[Black "Stone, Raymond"]
[Result "1/2-1/2"]
[WhiteElo "2280"]
[BlackElo "2345"]

1.d4 Nf6 2.Nf3 e6 3.c4 c5 4.d5 exd5 5.cxd5 d6 6.Nc3 g6 7.Nd2 Bg7 8.Nc4 O-O
9.Bg5 Qe7 10.a4 Nbd7 11.e3 Ne5 12.Nxe5 Qxe5 13.Bf4 Qe7 14.Be2 Nd7 15.h4 Ne5
16.Ra3 Bd7 17.Rb3 Rab8 18.Bg5 f6 19.Bf4 f5 20.Bg5 Bf6 21.Bxf6 Qxf6 22.g3 a6
23.f4 Nf7 24.Rb6 Rbe8 25.Qd2 Bc8 26.Kf2 Kg7 27.Nb1 Re4 28.Nc3 Re7 29.Bf3 Rfe8
30.Nd1 Nh6 31.Qc3 Rd8 32.Re1 Ng8 33.Re2 Kf7 34.Rc2 Rc7 35.Qxf6+ Nxf6 36.a5 Ke7
37.Nc3 Nd7 38.Rb3 Nf6 39.Nb1 Bd7 40.Nc3 Rb8 41.Be2 c4 42.Ra3 Rc5 43.Bf3 Be8
44.e4 fxe4 45.Nxe4 Nxe4+ 46.Bxe4 Bf7 47.b4 cxb3 48.Rxc5 dxc5 49.Rxb3 b5 50.axb6 Kd6
51.b7 c4 52.Rb6+ Kc5 53.Rxa6 Rxb7 54.d6 Rd7 55.Rc6+ Kd4 56.Bf3 Be6 57.h5 gxh5
58.Bxh5 Bd5 59.Ra6 Kc5 60.Ke3 Rxd6 61.Rxd6 Kxd6 62.Kd4 Bb7 63.Kxc4 Ke6 64.g4 h6
65.Kd4 Kf6 66.Ke3 Bc6  1/2-1/2

[Event "Clichy"]
[Site "Clichy"]
[Date "1990.??.??"]
[Round "7"]
[White "Verat, Laurent"]
[Black "Bernard, Christophe"]
[Result "0-1"]
[WhiteElo "2240"]
[BlackElo "2340"]

1.d4 Nf6 2.c4 c5 3.d5 e6 4.Nc3 exd5 5.cxd5 d6 6.Nf3 g6 7.g3 Bg7 8.Bg2 O-O
9.O-O a6 10.a4 Nbd7 11.Bf4 Qe7 12.h3 Nh5 13.Bg5 f6 14.Bc1 f5 15.Nd2 Ne5 16.f4 Nf7
17.Kh2 Bd7 18.a5 Rfe8 19.e4 fxe4 20.Ndxe4 Nf6 21.Re1 Bb5 22.Bd2 Nxe4 23.Nxe4 Bxb2
24.Rb1 Bg7 25.Nxc5 Be2 26.Qb3 dxc5 27.Bf1 c4 28.Qb6 Qa3 29.Rxe2 Rxe2+ 30.Bxe2 Qa2
31.Rd1 c3 32.d6 cxd2 33.d7 Qd5 34.Bg4 h5 35.Be6 Qd3 36.h4 Qe2+ 37.Kh3 Qxd1
38.d8=Q+ Rxd8 39.Qxd8+ Kh7 40.Bxf7 Qh1+  0-1

[Event "Copenhagen op"]
[Site "Copenhagen"]
[Date "1990.??.??"]
[Round "1"]
[White "Juergens, Vera"]
[Black "Maus, Soenke"]
[Result "0-1"]
[WhiteElo "2185"]
[BlackElo "2400"]

1.d4 Nf6 2.c4 c5 3.d5 e6 4.Nc3 exd5 5.cxd5 d6 6.Nf3 g6 7.g3 Bg7 8.Bg2 O-O
9.O-O Re8 10.Bf4 Nh5 11.Bg5 Qd7 12.a4 Na6 13.Re1 b6 14.e4 Nb4 15.Bf1 Ba6
16.Bxa6 Nxa6 17.Nd2 h6 18.Be3 Nc7 19.Nc4 Bxc3 20.bxc3 Rxe4 21.Nd2 Re7 22.Bxh6 Rxe1+
23.Qxe1 Re8 24.Qd1 Nxd5 25.Qf3 Ndf6 26.c4 Ng4 27.Bg5 Re5 28.Qa8+ Kg7 29.Nf3 Re2
30.Rf1 Nhf6 31.Re1 Rxe1+ 32.Nxe1 Qxa4 33.h3 Qd1 34.Kf1 Ne5 35.Bxf6+ Kxf6
36.Qh8+ Ke7 37.Qh4+ Kd7 38.Qe4 Kc7 39.g4 Qc1 40.Kg2 Qxc4  0-1

[Event "FRA-chT"]
[Site "FRA"]
[Date "1990.??.??"]
[Round "?"]
[White "Miralles, Gilles"]
[Black "Suba, Mihai"]
[Result "1-0"]
[WhiteElo "2460"]
[BlackElo "2505"]

1.d4 Nf6 2.c4 e6 3.Nf3 c5 4.d5 d6 5.Nc3 exd5 6.cxd5 g6 7.e4 Bg7 8.h3 O-O
9.Bd3 a6 10.a4 Nh5 11.O-O Nd7 12.Ne2 Re8 13.Qc2 Rb8 14.a5 Ne5 15.Nxe5 Rxe5
16.Bd2 Qh4 17.f4 Re8 18.Be1 Qd8 19.Bf2 f5 20.e5 dxe5 21.Bxc5 Bd7 22.Bb6 Qf6
23.Qc7 Qf7 24.Rac1 exf4 25.d6 Rec8 26.Bc4 Be6 27.Qxf7+ Kxf7 28.Bc7 Bxb2 29.d7 Rxc7
30.Bxe6+ Kxe6 31.Rxc7 Be5 32.Rxb7 Rd8 33.Rd1 Nf6 34.Nd4+ Bxd4+ 35.Rxd4 Nd5
36.Ra7 Kd6 37.Rd1 Ke5 38.Re1+ Kd6 39.Rxa6+ Kc7 40.Ra7+ Kd6 41.a6 Nb6 42.Rb7  1-0

[Event "Troll Masters"]
[Site "Gausdal"]
[Date "1990.??.??"]
[Round "5"]
[White "Engqvist, Thomas"]
[Black "Stein, Bernd"]
[Result "1/2-1/2"]
[WhiteElo "2335"]
[BlackElo "2415"]

1.d4 Nf6 2.c4 e6 3.Nf3 c5 4.d5 exd5 5.cxd5 d6 6.Nc3 g6 7.Bg5 h6 8.Bh4 a6
9.a4 Bg7 10.e3 g5 11.Bg3 Nh5 12.Bd3 Nxg3 13.hxg3 Nd7 14.Qc2 Rb8 15.O-O Nf6
16.Rab1 O-O  1/2-1/2

[Event "BL2-SW8990"]
[Site "Germany"]
[Date "1990.??.??"]
[Round "?"]
[White "Kohlweyer, Bernd"]
[Black "Reinhardt, Bernd"]
[Result "1-0"]
[WhiteElo "2395"]
[BlackElo "2255"]

1.d4 Nf6 2.c4 e6 3.Nc3 c5 4.d5 exd5 5.cxd5 d6 6.Nf3 g6 7.Nd2 a6 8.a4 b6 9.e4 Bg7
10.Be2 O-O 11.O-O Re8 12.f4 h5 13.h3 Ra7 14.Kh1 Ng4 15.Nf3 Bxc3 16.bxc3 Nf6
17.Ng5 Nxe4 18.Nxe4 Rxe4 19.Bd3 Bf5 20.Bxe4 Bxe4 21.c4 f5 22.Bb2 Rh7 23.Ra3 Nd7
24.Rg3 Qh4 25.Kh2 Kf7 26.Rg5  1-0

[Event "NRW-Liga II 8990"]
[Site "Germany"]
[Date "1990.??.??"]
[Round "?"]
[White "Beilfuss, Wilfried"]
[Black "Reinartz, Georg"]
[Result "1-0"]
[WhiteElo "2220"]
[BlackElo "2245"]

1.d4 Nf6 2.Nf3 e6 3.c4 c5 4.d5 exd5 5.cxd5 d6 6.Nc3 g6 7.e4 Bg7 8.Bd3 O-O
9.O-O Bg4 10.h3 Bxf3 11.Qxf3 Nbd7 12.Qd1 a6 13.a4 Qc7 14.Be3 c4 15.Bc2 Nc5
16.Bd4 Rab8 17.a5 Rbe8 18.Re1 g5 19.Qd2 h6 20.f4 gxf4 21.Qxf4 Nh5 22.Qd2 Bxd4+
23.Qxd4 Nd7 24.Qd2 Qc5+ 25.Kh2 Kg7 26.Ne2 Ne5 27.Nd4 Kg6 28.Nf5 Rh8 29.Ra3 Rh7
30.Rf1 f6 31.Bd1 Ng7 32.Rg3+ Kf7 33.Qf4 Nxf5 34.Qxf5 Reh8 35.Qxf6+ Ke8 36.Ba4+ Nd7
37.Rg7 Rf8 38.Qxf8+  1-0

[Event "Groningen"]
[Site "Groningen"]
[Date "1990.??.??"]
[Round "?"]
[White "Gulko, Boris F"]
[Black "Wahls, Matthias"]
[Result "1/2-1/2"]
[WhiteElo "2600"]
[BlackElo "2525"]

1.d4 Nf6 2.c4 e6 3.Nf3 c5 4.d5 exd5 5.cxd5 d6 6.Nc3 g6 7.Nd2 Bg7 8.Nc4 O-O
9.Bg5 Qe7 10.e3 Nbd7 11.Be2 Ne5 12.Nxe5 Qxe5 13.Bf4 Qe7 14.O-O Bf5 15.Rc1 a6
16.a4 Rfb8 17.h3 Bd7 18.Ra1 Ne8 19.Bc4 Nc7 20.Qd3 Re8 21.Rfe1 Rab8 22.a5 b5
23.axb6 Rxb6 24.Ra2 Reb8 25.b3 Bb5 26.Bxb5  1/2-1/2

[Event "Groningen op"]
[Site "Groningen"]
[Date "1990.??.??"]
[Round "8"]
[White "Malaniuk, Vladimir P"]
[Black "Van der Werf, Mark"]
[Result "0-1"]
[WhiteElo "2480"]
[BlackElo "2365"]

1.d4 Nf6 2.Nf3 c5 3.d5 d6 4.c4 e6 5.Nc3 exd5 6.cxd5 g6 7.Bg5 Bg7 8.e3 h6
9.Bh4 g5 10.Bg3 Nh5 11.Bd3 O-O 12.Qc2 f5 13.Be2 Na6 14.Nd2 Nxg3 15.hxg3 Qe7
16.Nc4 Bd7 17.Qd2 Nc7 18.a4 Rab8 19.O-O b6 20.Rfd1 a6 21.Ra2 h5 22.Bf1 Ne8
23.Raa1 Nf6 24.Qc2 Ng4 25.Re1 b5 26.axb5 axb5 27.Na5 b4 28.Ne2 Ne5 29.Nf4 Qf7
30.Nh3 Qf6 31.b3 Ra8 32.Ra2 Ra7 33.Rea1 Ng6 34.Nc4 Rxa2 35.Rxa2 f4 36.exf4 Bxh3
37.fxg5 Qxg5 38.gxh3 Bd4 39.Qe4 Rxf2 40.Rxf2 Qxg3+ 41.Qg2 Bxf2+ 42.Kh1 h4
43.Nxd6 Qxd6 44.Qxf2 Qxd5+ 45.Bg2 Qd1+ 46.Kh2 Qd4 47.Qf5 Qf4+ 48.Qxf4 Nxf4
49.Bf1 Kg7 50.Kg1 Kf6 51.Kf2 Ke5 52.Kf3 Nd5 53.Bd3 Nf4 54.Bf1 Nd5 55.Bd3 Kd4
56.Bg6 Ne7 57.Bf7 Nc6 58.Bg8 Na5 59.Kg4 Nxb3 60.Kxh4 c4  0-1

[Event "Hamburg-ch"]
[Site "Hamburg"]
[Date "1990.??.??"]
[Round "?"]
[White "Stelting, Thorsten"]
[Black "Voigt, Martin"]
[Result "1-0"]
[WhiteElo "2265"]
[BlackElo "2235"]

1.d4 Nf6 2.Nf3 c5 3.d5 e6 4.c4 exd5 5.cxd5 d6 6.Nc3 g6 7.e4 Bg7 8.Be2 Bg4
9.O-O O-O 10.h3 Bxf3 11.Bxf3 a6 12.a4 Nbd7 13.g4 Rb8 14.a5 Qe7 15.Bg2 Ne8
16.Re1 g5 17.Qd2 h6 18.Nd1 Bd4 19.Ne3 Ng7 20.e5 Bxe5 21.Nc4 Rbe8 22.Nxe5 Nxe5
23.Rf1 f5 24.Qd1 f4 25.Ra3 Qf7 26.Bf3 Re7 27.b4 c4 28.Bb2 Nd3 29.Rxd3 cxd3
30.Qxd3 Ne8 31.Kg2 Nf6 32.h4 Qh7 33.Qd4 Qg6 34.h5 Qh7 35.Rc1 Nd7 36.Qa7 Ne5
37.Bxe5 dxe5 38.d6 Rd7 39.Qc5 Qg7 40.Bd5+ Kh8 41.Be6 Rdd8 42.d7 Qf6 43.Qd5 f3+
44.Kh3 e4 45.Qxe4 Qf4 46.Qxf4 gxf4 47.Rc7 Kg7 48.Rxb7 Kf6 49.Bf5 Rb8 50.Rc7 Ke7
51.Rc4 Rbd8 52.Re4+ Kd6 53.Rxf4 Rb8 54.Kg3 Ke5 55.Kxf3 Rb7 56.Re4+ Kd5 57.Ke3 Rbb8
58.Rd4+ Ke5 59.f4+ Kf6 60.Kd3 Ke7 61.Re4+ Kd8 62.Kc4 Rxf5 63.gxf5 Kxd7 64.Re6 Rf8
65.Rxa6 Rxf5 66.Rxh6 Rxf4+ 67.Kc5 Kc7 68.Rh7+ Kb8 69.h6 Rf5+ 70.Kc6 Rf6+
71.Kd5 Kc8 72.Rh8+ Kb7 73.Ke5 Rg6 74.Kf5 Rg2 75.Re8 Rf2+ 76.Kg6 Rg2+ 77.Kh7 Rg5
78.Re6 Kc7 79.Rb6 Rg2 80.Rg6 Rd2 81.Kh8  1-0

[Event "HUN-ch (Women)"]
[Site "?"]
[Date "1990.??.??"]
[Round "2"]
[White "Nemeth, Maria"]
[Black "Madl, Ildiko"]
[Result "0-1"]
[WhiteElo "2160"]
[BlackElo "2375"]

1.d4 Nf6 2.c4 e6 3.Nf3 c5 4.d5 exd5 5.cxd5 d6 6.Nc3 g6 7.Bf4 a6 8.e4 Bg7
9.Qa4+ Nfd7 10.Nd2 O-O 11.Be2 Ne5 12.O-O f5 13.exf5 Bxf5 14.Bg3 Nbd7 15.Bh4 Qc7
16.Qd1 Rae8 17.f4 Nd3 18.g4 Nxb2 19.Qb3 Bd3 20.Rae1 c4 21.Qb4 Bxe2 22.Rxe2 Bxc3
23.Qxc3 Rxe2  0-1

[Event "HUN-ch (Women)"]
[Site "?"]
[Date "1990.??.??"]
[Round "10"]
[White "Derera, Mihalyne"]
[Black "Madl, Ildiko"]
[Result "0-1"]
[WhiteElo "2165"]
[BlackElo "2375"]

1.d4 Nf6 2.Nf3 c5 3.d5 e6 4.c4 exd5 5.cxd5 d6 6.Nc3 g6 7.Bg5 h6 8.Bh4 g5
9.Bg3 Nh5 10.Qa4+ Qd7 11.Qxd7+ Bxd7 12.e4 Nxg3 13.hxg3 Bg7 14.Nd2 Ke7 15.Bd3 Na6
16.a3 Rab8 17.f4 b5 18.Nf3 c4 19.Be2 Nc5 20.e5 g4 21.exd6+ Kxd6 22.Nd2 Rbe8
23.Kf1 Re3 24.Bxc4 Rxc3 25.bxc3 Bxc3 26.Rd1 Bxd2 27.Rxd2 bxc4 28.Rd4 Nb3
29.Re4  0-1

[Event "Kecskemet"]
[Site "Kecskemet"]
[Date "1990.??.??"]
[Round "8"]
[White "Reeh, Oliver"]
[Black "Bilek, Istvan"]
[Result "1/2-1/2"]
[WhiteElo "2425"]
[BlackElo "2395"]

1.d4 Nf6 2.c4 e6 3.Nf3 c5 4.d5 exd5 5.cxd5 d6 6.Nc3 g6 7.Nd2 Nbd7 8.e4 Bg7
9.Nc4 Nb6 10.Ne3 O-O 11.Bd3 Nfd7 12.O-O Ne5 13.Be2 f5 14.f4 Nf7 15.exf5 gxf5
16.Kh1 Bd7 17.a4 Rb8 18.Bf3 Nh6 19.Ne2 Be8 20.Ng3 Bg6 21.Nh5 Bd4 22.a5 Nd7
23.Nc4 Nf6  1/2-1/2

[Event "Kherson"]
[Site "Kherson"]
[Date "1990.??.??"]
[Round "?"]
[White "Kaplun, Leonid I"]
[Black "Izhnin, A."]
[Result "1/2-1/2"]
[WhiteElo "2390"]
[BlackElo "2300"]

1.d4 Nf6 2.c4 c5 3.d5 e6 4.Nc3 exd5 5.cxd5 d6 6.Nf3 g6 7.Nd2 Bg7 8.e4 O-O
9.Be2 Na6 10.O-O Nc7 11.a4 Nfe8 12.Nc4 f5 13.exf5 Bxf5 14.Bf4 Bd3 15.Bg3 Bxc4
16.Bxc4 Nf6 17.Be2 Kh8 18.Qb3 Rb8 19.Rfe1 Re8 20.Bf3 Qd7 21.Rxe8+ Nfxe8 22.h3 b6
23.Bg4 Qd8 24.Nb5 Rb7 25.Re1 a6 26.Na3 b5 27.Nc4 Rb8 28.Na5 c4 29.Qa2 Qf6
30.Nc6 Ra8 31.axb5 Nxb5 32.Qxc4 Qxb2 33.Qe4 Nf6 34.Qe6 Nxg4 35.Qxg4 Qd2 36.Qe6 Nc7
37.Qe4 Qxd5 38.Qxd5 Nxd5 39.Bxd6 Kg8 40.Ne7+ Nxe7 41.Rxe7 Bf8 42.Rd7 Bxd6
43.Rxd6 a5 44.Rd3 a4 45.Ra3 Kf7 46.Kf1 Ke6 47.Ke2 Kd5 48.Kd3 Kc5 49.Kc3 Kb5
50.Kb2 Rf8 51.f3 Re8 52.g3 Re2+ 53.Kb1 g5 54.Rd3 Kc4 55.Rd7 h6 56.Rd6 Rf2
57.Rxh6 Rxf3 58.g4 Kb3 59.Rb6+ Ka3 60.Kc2 Rf2+ 61.Kc1 Rf3 62.Rg6 Kb3 63.Rb6+ Kc3
64.Kb1 Rxh3 65.Rb5 Rg3 66.Rxg5  1/2-1/2

[Event "URS-Trade Union"]
[Site "Kherson"]
[Date "1990.??.??"]
[Round "?"]
[White "Temirbaev, Serik"]
[Black "Son, Irina"]
[Result "1-0"]
[WhiteElo "2410"]
[BlackElo "2175"]

1.d4 Nf6 2.c4 e6 3.Nf3 c5 4.d5 exd5 5.cxd5 d6 6.Nc3 g6 7.e4 Bg7 8.Be2 O-O
9.Bf4 a6 10.a4 Bg4 11.Nd2 Bxe2 12.Qxe2 Nh5 13.Be3 Nd7 14.O-O Bd4 15.a5 Qf6
16.Ra3 Rac8 17.Na4 Bxe3 18.Rxe3 Nf4 19.Qd1 c4 20.Qc2 Ne5 21.Nb6 Qg5 22.g3 Ng4
23.gxf4 Nxe3+ 24.fxg5 Nxc2 25.Nxc8 Rxc8 26.Rc1 c3 27.bxc3 Rxc3 28.e5 dxe5
29.Ne4 Rc4 30.Nf6+ Kf8 31.d6 Ne3 32.Rb1 Ng4 33.Rxb7 Nxf6 34.gxf6 Ke8 35.Re7+ Kd8
36.Rxf7 Rd4 37.Ra7 Rxd6 38.f7 Rf6 39.Kf1 h5 40.h4 Rf4 41.Ke2  1-0

[Event "Kusadasi op"]
[Site "Kusadasi"]
[Date "1990.??.??"]
[Round "3"]
[White "Fischer, Je"]
[Black "Fedorov, Vladislav"]
[Result "0-1"]
[WhiteElo "2265"]
[BlackElo "2410"]

1.d4 Nf6 2.c4 e6 3.Nc3 c5 4.d5 exd5 5.cxd5 d6 6.Nf3 g6 7.Bf4 a6 8.a4 Qe7
9.h3 Nbd7 10.e3 Bg7 11.Be2 O-O 12.O-O Ne8 13.Qd2 f5 14.Rab1 h6 15.Rfc1 g5
16.Bg3 a5 17.Re1 b6 18.Bb5 Nef6 19.Qc2 Nh5 20.Bh2 g4 21.hxg4 fxg4 22.Qg6 gxf3
23.Qxh5 Ne5 24.Bxe5 Rf5 25.Qe8+ Qxe8 26.Bxe8 Bxe5 27.gxf3 Rxf3 28.Bh5 Rh3
29.Bd1 Ra7 30.f4 Bf6 31.Ne4 Rg7+ 32.Kf1 Bh4 33.Nf2 Rh2 34.Re2 Ba6  0-1

[Event "Mannheim BM"]
[Site "Mannheim"]
[Date "1990.??.??"]
[Round "8"]
[White "Kurz, Eugen"]
[Black "Arnold, Lothar"]
[Result "0-1"]
[WhiteElo "2275"]
[BlackElo "2280"]

1.d4 Nf6 2.c4 c5 3.d5 e6 4.Nc3 exd5 5.cxd5 d6 6.Nf3 g6 7.e4 Bg7 8.Bg5 h6
9.Bh4 a6 10.Nd2 b5 11.Be2 O-O 12.Qc2 Nbd7 13.O-O Qc7 14.a4 b4 15.Nd1 Rb8
16.Rb1 b3 17.Nxb3 Nxe4 18.Nc3 Nxc3 19.bxc3 Nb6 20.Nd2 Nxd5 21.Rxb8 Qxb8 22.c4 Bf5
23.Ne4 Nb4 24.Qb1 d5 25.cxd5 Qf4 26.Be7 Bxe4 27.Qc1 Qxc1 28.Rxc1 Bxd5 29.Kf1 Rc8
30.Rxc5 Rxc5 31.Bxc5 a5 32.Bb6 Nc6 33.Bb5 Bc3 34.f3 Kf8 35.Bc5+ Ke8 36.Ke2 Kd7
37.Be3 h5 38.g4 Kd6 39.gxh5 gxh5 40.Kd3 Be5 41.f4 Bf6 42.Bb6 Bd8 43.Bf2 f5
44.Kd2 h4 45.Be3 Be6 46.Bf1 Bd7 47.Kc3 Ne7 48.Kc4 Nc8 49.Bc5+ Ke6 50.Kb3 Kd5  0-1

[Event "Goldberg mem"]
[Site "Moscow"]
[Date "1990.??.??"]
[Round "13"]
[White "Pichler, Juergen"]
[Black "Doghri, Nabil"]
[Result "1-0"]
[WhiteElo "2325"]
[BlackElo "2280"]

1.d4 Nf6 2.Nf3 e6 3.c4 c5 4.d5 exd5 5.cxd5 d6 6.Nc3 g6 7.Bg5 Bg7 8.e3 O-O
9.Nd2 Re8 10.Be2 a6 11.a4 Nbd7 12.O-O Rb8 13.a5 Qc7 14.h3 b5 15.axb6 Rxb6
16.Nc4 Rb4 17.Bf4 Ne5 18.Bxe5 dxe5 19.e4 Rd8 20.Qc2 Ne8 21.d6 Qd7 22.Nd5 Rxc4
23.Bxc4 Nxd6 24.Rfd1 Qa7 25.Ne3 Bh6 26.Ng4 Bg7 27.Bxa6 Bxa6 28.Qa4 h5 29.Ne3 Qb8
30.Qxa6 Nxe4 31.Rxd8+ Qxd8 32.Qc6 Qd4 33.Ra4  1-0

[Event "New York op"]
[Site "New York"]
[Date "1990.??.??"]
[Round "3"]
[White "Epishin, Vladimir"]
[Black "San Segundo, Pablo"]
[Result "1-0"]
[WhiteElo "2550"]
[BlackElo "2405"]

1.d4 Nf6 2.Nf3 e6 3.c4 c5 4.d5 d6 5.Nc3 exd5 6.cxd5 g6 7.e4 Bg7 8.h3 O-O
9.Bd3 b5 10.Bxb5 Nxe4 11.Nxe4 Qa5+ 12.Nfd2 Qxb5 13.Nxd6 Qd3 14.N2c4 Qxd1+
15.Kxd1 Ba6 16.Kc2 Nd7 17.Bf4 Nb6 18.Nxb6 axb6 19.a4 Rfd8 20.Rhd1 Rd7 21.Nb5 Bb7
22.f3 Re8 23.d6 Re2+ 24.Rd2 Rxd2+ 25.Bxd2 Bc6 26.Bf4 h6 27.Re1 Kf8 28.b3 g5
29.Bh2 f5 30.Na3 Bd4 31.Be5 g4 32.hxg4 fxg4 33.Nc4 Bf2 34.Rh1 Rh7 35.fxg4 Bxg2
36.Rh2 Be4+ 37.Kb2 Bg1 38.Rd2 Bc6 39.Nxb6 Ke8 40.a5 Rf7 41.a6 c4 42.d7+ Kd8  1-0